| Tag |
First Indicator |
Second Indicator |
Subfields |
| LEADER |
00000cam a2200000 i 4500 |
| 001 |
in00003711921 |
| 005 |
20211120181657.0 |
| 006 |
m o d f |
| 007 |
cr n|||||||||| |
| 008 |
140802s1964 dcuabdo ob f001 0 eng c |
| 035 |
|
|
|a (OCoLC)ocn885121896
|
| 040 |
|
|
|a COP
|b eng
|e rda
|e pn
|c COP
|d OCLCO
|d OCLCF
|d GPO
|d MERUC
|d GPO
|d MvI
|d UtOrBLW
|
| 042 |
|
|
|a pcc
|
| 043 |
|
|
|a n-us-wy
|
| 049 |
|
|
|a WWW
|
| 074 |
|
|
|a 0620 (online)
|
| 086 |
0 |
|
|a I 19.3:1181-J
|
| 100 |
1 |
|
|a Mapel, W. J.
|q (William Jameson),
|d 1922-
|e author.
|0 http://id.loc.gov/authorities/names/n89631135
|
| 245 |
1 |
0 |
|a Geology of the Upton quadrangle, Crook and Weston Counties, Wyoming /
|c by William J. Mapel and Charles L. Pillmore.
|
| 246 |
3 |
7 |
|a Contributions to general geology
|
| 264 |
|
1 |
|a Washington, D.C. :
|b United States Department of the Interior, Geological Survey,
|c 1964.
|
| 264 |
|
2 |
|a Washington, D.C. :
|b Government Printing Office
|
| 300 |
|
|
|a 1 online resource (iv, 54 pages, 1 page of plate) :
|b illustrations, maps, charts, photographs.
|
| 336 |
|
|
|a text
|b txt
|2 rdacontent
|
| 336 |
|
|
|a cartographic image
|b cri
|2 rdacontent
|
| 337 |
|
|
|a computer
|b c
|2 rdamedia
|
| 338 |
|
|
|a online resource
|b cr
|2 rdacarrier
|
| 490 |
1 |
|
|a Geological Survey bulletin ;
|v 1181-J
|
| 490 |
1 |
|
|a Contributions to general geology
|
| 500 |
|
|
|a Title from title screen (viewed July 24, 2014).
|
| 500 |
|
|
|a Additional title page description: "Prepared on behalf of the U.S. Atomic Energy Commission."
|
| 504 |
|
|
|a Includes bibliographical references (pages 50-52) and index.
|
| 650 |
|
0 |
|a Geology
|z Wyoming
|z Crook County.
|
| 650 |
|
0 |
|a Geology
|z Wyoming
|z Weston County.
|
| 650 |
|
7 |
|a Geology.
|2 fast
|0 (OCoLC)fst00940627
|
| 651 |
|
7 |
|a Wyoming
|z Crook County.
|2 fast
|0 (OCoLC)fst01218058
|
| 651 |
|
7 |
|a Wyoming
|z Weston County.
|2 fast
|0 (OCoLC)fst01208399
|
| 700 |
1 |
|
|a Pillmore, C. L.,
|d 1930-
|e author.
|0 http://id.loc.gov/authorities/names/n89631137
|
| 710 |
2 |
|
|a Geological Survey (U.S.),
|e issuing body.
|0 http://id.loc.gov/authorities/names/n80092173
|
| 710 |
2 |
|
|a U.S. Atomic Energy Commission,
|e issuing body.
|0 http://id.loc.gov/authorities/names/n78034861
|
| 776 |
0 |
8 |
|i Print version:
|a Mapel, W. J. (William Jameson), 1922-
|t Geology of the Upton quadrangle, Crook and Weston Counties, Wyoming
|w (OCoLC)3598461
|
| 830 |
|
0 |
|a Geological Survey bulletin ;
|v 1181-J.
|0 http://id.loc.gov/authorities/names/n42012100
|
| 830 |
|
0 |
|a Contributions to general geology.
|0 http://id.loc.gov/authorities/names/n83734108
|
| 856 |
4 |
0 |
|u https://purl.fdlp.gov/GPO/gpo76336
|t 0
|
| 999 |
f |
f |
|s 09c5f4e0-772f-3c87-aad7-3564199536a4
|i cfb48312-ea1b-34c9-8aab-f472b3f59000
|t 0
|
| 952 |
f |
f |
|a Texas A&M University
|b College Station
|c Electronic Resources
|d Available Online
|t 0
|e I 19.3:1181-J
|h Superintendent of Documents classification
|
| 998 |
f |
f |
|a I 19.3:1181-J
|t 0
|l Available Online
|